[Event "10. Volme-Open (A)"]
[Site "?"]
[Date "2016.08.27"]
[Round "2"]
[White "Eckardt, Joshua"]
[Black "Naundorf, Maik"]
[Result "1-0"]
[WhiteElo "2183"]
[BlackElo "2110"]
[PlyCount "61"]
[EventDate "2016.08.26"]

1. d4 Nf6 2. g3 c5 3. d5 b5 4. Bg2 d6 5. e4 Bb7 6. Ne2 g6 7. O-O Bg7 8. c4 bxc4
9. Na3 O-O 10. Nxc4 Ba6 11. Qc2 Nfd7 12. f4 Nb6 13. Ne3 Qc8 14. Re1 Bb7 15. Bd2
Na6 16. Bc3 Bxc3 17. Qxc3 Nc7 18. Rac1 Qd7 19. f5 g5 20. f6 Nb5 21. Qd2 exf6
22. Rf1 Qd8 23. Ng4 Nd7 24. Nxf6+ Nxf6 25. Qxg5+ Kh8 26. Rxf6 Nc7 27. Qf4 Ba6
28. Rxd6 Qe7 29. Nc3 Rac8 30. Rh6 Qd8 31. Qf5 1-0

[Event "10. Volme-Open (A)"]
[Site "?"]
[Date "2016.08.27"]
[Round "2"]
[White "Kramps, René"]
[Black "Browning, Alex"]
[Result "1/2-1/2"]
[WhiteElo "2067"]
[BlackElo "2036"]
[PlyCount "23"]
[EventDate "2016.08.26"]

1. e4 c5 2. b4 cxb4 3. Bb2 Nc6 4. d4 d5 5. exd5 Qxd5 6. c4 bxc3 7. Nxc3 Qa5 8.
d5 Ne5 9. Qd4 Nd7 10. O-O-O a6 11. Kb1 Ngf6 12. g4 1/2-1/2

[Event "10. Volme-Open (A)"]
[Site "?"]
[Date "2016.08.27"]
[Round "2"]
[White "Schmücker, Marcus"]
[Black "Schulze, Marc"]
[Result "1-0"]
[WhiteElo "2173"]
[BlackElo "2176"]
[PlyCount "125"]
[EventDate "2016.08.26"]

1. d4 Nf6 2. c4 e6 3. Nc3 d5 4. cxd5 exd5 5. Bg5 Nbd7 6. Qc2 c6 7. e3 Qa5 8.
Bd3 Bd6 9. Nge2 O-O 10. O-O Re8 11. a3 Qc7 12. Bf4 Bxf4 13. Nxf4 Qd6 14. b4 a6
15. Na4 b5 16. Nc5 Nxc5 17. bxc5 Qc7 18. a4 Bd7 19. Ra2 a5 20. axb5 cxb5 21.
Qb3 b4 22. Rb2 Bc6 23. Rfb1 Reb8 24. Qa2 Qb7 25. Bc2 Bb5 26. Ra1 Bc6 27. Ba4
Qd7 28. Bxc6 Qxc6 29. Qa4 Qxa4 30. Rxa4 Ne4 31. Nxd5 Nc3 32. Nxc3 bxc3 33. Rb6
Kf8 34. g3 Rxb6 35. cxb6 c2 36. Rc4 Rb8 37. Rxc2 Rxb6 38. Rc5 Ra6 39. Kf1 a4
40. Ke2 a3 41. Rc1 Rb6 42. Rc8+ Ke7 43. Ra8 Rb2+ 44. Kf3 a2 45. e4 Rb3+ 46. Kf4
Rb2 47. Ke5 f6+ 48. Kd5 Rb5+ 49. Kc4 Rb2 50. f4 Rxh2 51. Kd5 Rb2 52. Ra7+ Ke8
53. Ke6 Rb6+ 54. Kd5 Rb2 55. e5 fxe5 56. fxe5 h5 57. e6 Rd2 58. Ke5 Kd8 59. d5
Kc8 60. d6 Kb8 61. Ra3 Re2+ 62. Kf5 Rf2+ 63. Kg5 1-0

[Event "10. Volme-Open (B)"]
[Site "?"]
[Date "2016.08.27"]
[Round "2"]
[White "Windfuhr, Thomas"]
[Black "Pelt, Alexander"]
[Result "0-1"]
[WhiteElo "1961"]
[BlackElo "1961"]
[PlyCount "74"]
[EventDate "2016.08.26"]

1. d4 d5 2. Nf3 Nf6 3. c4 dxc4 4. Nc3 a6 5. a4 Nc6 6. e4 Bg4 7. Be3 Na5 8. h3
Bxf3 9. Qxf3 e6 10. Rd1 Be7 11. g4 c6 12. Bg2 Qc7 13. O-O h6 14. Rfe1 g5 15.
Qe2 O-O-O 16. f3 e5 17. Qf2 Nb3 18. Bf1 exd4 19. Bxd4 Nxd4 20. e5 Bc5 21. Kg2
Ne6 22. Qc2 Rxd1 23. Nxd1 Nd7 24. Bxc4 Nf4+ 25. Kg3 Bd4 26. Qf5 Kb8 27. Qxf7
Nxe5 28. Qxc7+ Kxc7 29. Bf1 c5 30. Re4 Kd6 31. b4 Kd5 32. bxc5 Rc8 33. h4 Rxc5
34. Ne3+ Bxe3 35. Rxe3 Rc1 36. hxg5 hxg5 37. Bh3 Rh1 0-1

[Event "10. Volme-Open (B)"]
[Site "?"]
[Date "2016.08.27"]
[Round "2"]
[White "von Bargen, Lukas"]
[Black "Morawietz, Manuel"]
[Result "1-0"]
[WhiteElo "1985"]
[BlackElo "1947"]
[PlyCount "75"]
[EventDate "2016.08.26"]

1. d4 d5 2. c4 c6 3. Nf3 Nf6 4. Nc3 dxc4 5. a4 Bf5 6. e3 e6 7. Bxc4 Bb4 8. O-O
Nbd7 9. Qe2 O-O 10. e4 Bg6 11. e5 Nd5 12. Ne4 h6 13. Bd3 a5 14. g3 Bh5 15. h3
f5 16. exf6 Bxf3 17. Qxf3 N7xf6 18. Nxf6+ Qxf6 19. Qe4 Qf5 20. Kg2 Qxe4+ 21.
Bxe4 Rad8 22. Be3 Rd7 23. Rad1 Rfd8 24. Bf3 Nb6 25. b3 Bc3 26. Bg4 Kf7 27. Bh5+
Kf6 28. Rd3 Bxd4 29. Bxd4+ Rxd4 30. Rf3+ Ke5 31. Re1+ Kd6 32. Rfe3 Kc5 33. Rxe6
Kb4 34. Re7 R8d7 35. Be8 Kxb3 36. Bxd7 Rxd7 37. Rb1+ Kxa4 38. Re4+ 1-0

[Event "10. Volme-Open (B)"]
[Site "?"]
[Date "2016.08.27"]
[Round "2"]
[White "Dröttboom, Tobias"]
[Black "Maniocha, Marek"]
[Result "1-0"]
[WhiteElo "1927"]
[BlackElo "1886"]
[PlyCount "89"]
[EventDate "2016.08.26"]

1. e4 c5 2. c3 d5 3. exd5 Qxd5 4. d4 Nf6 5. Nf3 e6 6. Na3 Bd7 7. Nc2 cxd4 8.
Ncxd4 Bc5 9. Be3 O-O 10. Be2 Nc6 11. Nxc6 Qxd1+ 12. Rxd1 Bxe3 13. Nce5 Ba4 14.
b3 Bb6 15. bxa4 Nd5 16. Rc1 Ba5 17. O-O Nxc3 18. Bc4 h6 19. Rc2 Rfd8 20. Bb3
Ne4 21. Nc4 Bc7 22. g3 Kf8 23. Nce5 Ba5 24. a3 Rac8 25. Rfc1 Rxc2 26. Rxc2 Ke7
27. Nc4 Bc7 28. Ncd2 Nxd2 29. Rxd2 Rxd2 30. Nxd2 Kd6 31. Nf3 Kc5 32. Kf1 Bd6
33. Ke2 Kb6 34. Kd3 Kc6 35. Kc4 e5 36. a5 f6 37. Ba4+ Kc7 38. Nh4 Bxa3 39. Nf5
Bf8 40. Kd5 a6 41. f3 Bb4 42. Nxg7 Bxa5 43. Ne8+ Kd8 44. Nxf6 Bc3 45. Ng4 1-0

[Event "10. Volme-Open (C)"]
[Site "?"]
[Date "2016.08.27"]
[Round "2"]
[White "Klüting, Reiner"]
[Black "Brik, Maxim"]
[Result "1/2-1/2"]
[WhiteElo "1858"]
[BlackElo "1864"]
[PlyCount "61"]
[EventDate "2016.08.26"]

1. e4 e6 2. d4 d5 3. Nc3 Bb4 4. Bd2 Nf6 5. e5 Bxc3 6. Bxc3 Ne4 7. Qg4 O-O 8.
Bd3 f5 9. exf6 Qxf6 10. Nf3 Nxc3 11. bxc3 e5 12. dxe5 Bxg4 13. exf6 Rxf6 14. c4
Bxf3 15. gxf3 d4 16. Rb1 Rb6 17. Kd2 Nd7 18. Be4 Nc5 19. Rb5 Nxe4+ 20. fxe4 Rf8
21. Rxb6 axb6 22. Ke2 Ra8 23. Rd1 c5 24. Ra1 Ra4 25. Kd3 Ra3+ 26. Kd2 Rf3 27.
Rf1 Rh3 28. Rh1 Rf3 29. Rf1 Rh3 30. Rh1 Ra3 31. Rb1 1/2-1/2

[Event "10. Volme-Open (C)"]
[Site "?"]
[Date "2016.08.27"]
[Round "2"]
[White "Vishanji, Adrian"]
[Black "Tesche, Wolfram"]
[Result "0-1"]
[WhiteElo "1810"]
[BlackElo "1795"]
[PlyCount "134"]
[EventDate "2016.08.26"]

1. e4 c5 2. Nf3 d6 3. d4 cxd4 4. Nxd4 Nf6 5. Nc3 a6 6. f3 e5 7. Nb3 Be6 8. Bg5
h6 9. Bxf6 Qxf6 10. Nd5 Qd8 11. Qd2 Nc6 12. O-O-O b5 13. Kb1 Ne7 14. c4 Nxd5
15. cxd5 Bd7 16. h4 Be7 17. g3 a5 18. Bh3 Bxh3 19. Rxh3 b4 20. Nc1 O-O 21. Nd3
Rc8 22. Rhh1 Qb6 23. Nf2 Rc4 24. Rc1 Rd4 25. Qc2 a4 26. Qc7 Bd8 27. Qc6 Rd2 28.
Nd1 a3 29. Rc2 Rd3 30. Rf1 Qd4 31. Nf2 Rxf3 32. Qxd6 Bb6 33. Rd1 Qe3 34. Rd3 b3
35. axb3 a2+ 36. Kxa2 Ra8+ 37. Kb1 Qe1+ 38. Rd1 Qa5 39. Qa3 Qxa3 40. bxa3 Rxb3+
41. Rb2 Rxb2+ 42. Kxb2 Bxf2 43. Rd3 Kf8 44. Kb3 Ke7 45. Kc4 Kd6 46. Kb5 Bd4 47.
a4 Rb8+ 48. Ka6 Kc5 49. Rd1 Ra8+ 50. Kb7 Rxa4 51. Rc1+ Rc4 52. Rf1 f6 53. Kc7
Kb5+ 54. Kd7 Bc5 55. Rb1+ Bb4 56. Ke6 Rxe4 57. d6 Rd4 58. d7 e4 59. Rb2 e3 60.
Re2 Rd3 61. g4 Kc6 62. Rc2+ Bc5 63. h5 Rd6+ 64. Kf5 Rxd7 65. Kg6 Kd5 66. Rc1 e2
67. Re1 Re7 0-1

[Event "10. Volme-Open (C)"]
[Site "?"]
[Date "2016.08.27"]
[Round "2"]
[White "Galicki , Ryszard"]
[Black "Biermann , Lenhard"]
[Result "1-0"]
[WhiteElo "1882"]
[BlackElo "1812"]
[PlyCount "103"]

1. e4 e6 2. d4 d5 3. e5 c5 4. c3 Bd7 5. f4 Nc6 6. Nf3 Qb6 7. a3 Nge7 8. dxc5
Qxc5 9. b4 Qb6 10. Bd3 Ng6 11. Qe2 Be7 12. h4 Qd8 13. g3 f6 14. h5 Nf8 15. Nbd2
Bc8 16. Nb3 fxe5 17. fxe5 Qc7 18. Bf4 Nd7 19. Rc1 Nb6 20. Qc2 Nc4 21. Bxc4 dxc4
22. Nbd4 b6 23. O-O Nxd4 24. Nxd4 O-O 25. Qe2 Bd7 26. Qg4 Rf7 27. Rce1 Raf8 28.
Rf2 b5 29. Ref1 Qb7 30. Bh6 Bc8 31. Rxf7 Rxf7 32. Rxf7 Kxf7 33. Qxg7+ Ke8 34.
Qg8+ Kd7 35. Qxe6+ Kd8 36. Nc6+ Ke8 37. Qg8+ Kd7 38. Nd4 Qe4 39. Qe6+ Kd8 40.
Nc6+ Kc7 41. Qxe7+ Kxc6 42. Qc5+ Kb7 43. Be3 Qb1+ 44. Kh2 Qb2+ 45. Bf2 Qxa3 46.
Qxb5+ Kc7 47. Qxc4+ Kd8 48. Qg8+ Kc7 49. Qxh7+ Kb8 50. Qxa7+ Qxa7 51. Bxa7+
Kxa7 52. h6 1-0

[Event "10. Volme-Open (D)"]
[Site "?"]
[Date "2016.08.27"]
[Round "2"]
[White "Biermann , Florian"]
[Black "Kölz, Niklas"]
[Result "1-0"]
[WhiteElo "1777"]
[BlackElo "1787"]
[PlyCount "71"]

1. g3 c5 2. Bg2 e6 3. c4 d5 4. Nf3 g6 5. O-O Nc6 6. cxd5 exd5 7. d4 Bg4 8. dxc5
Bxc5 9. Nc3 Nge7 10. Qa4 Qd7 11. Rd1 Be6 12. Bg5 Rd8 13. Bf6 Rg8 14. Rac1 Bb6
15. Qh4 h5 16. Nb5 Rc8 17. Qf4 Bc7 18. Be5 Bxe5 19. Nxe5 Nxe5 20. Rxc8+ Nxc8
21. Qxe5 Qxb5 22. Rxd5 Qb6 23. Rd3 a6 24. Qf6 Bc4 25. Re3+ Be6 26. Bd5 Ne7 27.
Bxe6 fxe6 28. Rxe6 Qc5 29. e4 Qc1+ 30. Kg2 Qc5 31. f4 Kd7 32. f5 gxf5 33. exf5
Qd5+ 34. Kg1 Re8 35. Qf7 Qxf5 36. Rxe7+ 1-0

[Event "10. Volme-Open (D)"]
[Site "?"]
[Date "2016.08.27"]
[Round "2"]
[White "Kroo, Julian"]
[Black "Vishanji, Franz"]
[Result "1-0"]
[WhiteElo "1735"]
[BlackElo "1687"]
[PlyCount "109"]

1. d4 Nf6 2. c4 e6 3. g3 d5 4. Nf3 Nbd7 5. Bg2 c6 6. O-O Be7 7. Qc2 b6 8. cxd5
cxd5 9. Bf4 Bb7 10. Bc7 Qc8 11. Rc1 O-O 12. Na3 Ne8 13. e3 a6 14. Bf1 h6 15.
Ne5 Nxe5 16. Bxe5 Qd7 17. g4 Bd6 18. f4 f6 19. Bxd6 Nxd6 20. Qc7 Qxc7 21. Rxc7
Rf7 22. Rac1 Rc8 23. Rxc8+ Nxc8 24. Bd3 Nd6 25. Kf2 g5 26. Kg3 f5 27. Rf1 Ne4+
28. Bxe4 fxe4 29. Nb1 a5 30. Nc3 Ba6 31. Rf2 b5 32. h4 gxh4+ 33. Kxh4 Kg7 34.
g5 hxg5+ 35. Kxg5 Rf6 36. Rh2 Rg6+ 37. Kh4 Kf6 38. Ne2 Bc8 39. Ng3 Rh6+ 40.
Nh5+ Kf5 41. Rg2 e5 42. Rg5+ Ke6 43. Rxe5+ Kd6 44. Kg5 Rh7 45. Kg6 Rc7 46. Nf6
Rc2 47. Rxd5+ Ke6 48. Re5+ Kd6 49. Nxe4+ Kc6 50. Rc5+ Rxc5 51. Nxc5 Kd5 52. f5
Kd6 53. f6 b4 54. f7 Ke7 55. Kg7 1-0

[Event "10. Volme-Open (D)"]
[Site "?"]
[Date "2016.08.27"]
[Round "2"]
[White "Dolgopolyi, Vladimir"]
[Black "Ertelt, Pornchai"]
[Result "1-0"]
[WhiteElo "1793"]
[BlackElo "1736"]
[PlyCount "107"]
[EventDate "2016.08.26"]

1. e4 c5 2. Nf3 g6 3. d4 cxd4 4. Nxd4 Bg7 5. Be3 Nf6 6. Nc3 Nc6 7. Nxc6 bxc6 8.
e5 Ng8 9. f4 Nh6 10. Be2 Nf5 11. Bf2 d6 12. Bf3 Qc7 13. g4 Nh6 14. exd6 exd6
15. Bd4 Bxd4 16. Qxd4 O-O 17. Ne4 Qa5+ 18. c3 Qb6 19. Nf6+ Kh8 20. Qxb6 axb6
21. Bxc6 Ra7 22. h3 Re7+ 23. Kf2 Kg7 24. Nd5 Ra7 25. a4 Be6 26. Nxb6 Rb8 27. a5
Rxa5 28. Rxa5 Rxb6 29. Bb5 d5 30. b4 Ng8 31. Bd3 Nf6 32. f5 Bd7 33. g5 Ne8 34.
f6+ Kf8 35. Ra8 d4 36. cxd4 Rxb4 37. Ke3 Bc6 38. Rha1 Rb2 39. R8a2 Rb3 40. Ra3
Rb2 41. R1a2 Rb4 42. Rc2 Bd7 43. Ra7 Bxh3 44. Rh2 Be6 45. Rxh7 Kg8 46. Bxg6
Rb3+ 47. Kf4 fxg6 48. f7+ Bxf7 49. Rhxf7 Rb4 50. Rfd7 Rb3 51. d5 Rb4+ 52. Ke5
Rg4 53. Ra8 Kf8 54. Rdd8 1-0

[Event "10. Volme-Open (E)"]
[Site "?"]
[Date "2016.08.27"]
[Round "2"]
[White "Riehl , Tim"]
[Black "Margenberg , Volker"]
[Result "1/2-1/2"]
[WhiteElo "1683"]
[BlackElo "1642"]
[PlyCount "61"]

1. d4 Nf6 2. Nf3 g6 3. c4 Bg7 4. Nc3 O-O 5. Bf4 d6 6. e3 Nbd7 7. Qc2 Nh5 8. Bg3
Nxg3 9. hxg3 e5 10. dxe5 Nxe5 11. O-O-O Bf5 12. e4 Bg4 13. Be2 Be6 14. Nxe5
Bxe5 15. f4 Bg7 16. g4 f5 17. gxf5 gxf5 18. g3 Qe7 19. Bd3 Qf7 20. Nd5 c6 21.
Ne3 fxe4 22. Bxe4 h6 23. Rxd6 Rad8 24. Rhd1 Rxd6 25. Rxd6 Qe7 26. Qd3 Re8 27.
Bg6 Rf8 28. f5 Bc8 29. Kc2 Qe5 30. Nd1 Bxf5 31. Bxf5 1/2-1/2

[Event "10. Volme-Open (E)"]
[Site "?"]
[Date "2016.08.27"]
[Round "2"]
[White "Scholz, Sebastian"]
[Black "Leonard, Timo"]
[Result "1/2-1/2"]
[WhiteElo "1617"]
[BlackElo "1595"]
[PlyCount "27"]

1. e4 e6 2. d4 d5 3. Nc3 Bb4 4. exd5 exd5 5. Bd3 Ne7 6. Qf3 Be6 7. Nge2 Qd7 8.
Ng3 O-O 9. h3 Nbc6 10. Be3 Ng6 11. O-O Nce7 12. Nce2 Nh4 13. Bxh7+ Kh8 14. Qh5
1/2-1/2

[Event "10. Volme-Open (E)"]
[Site "?"]
[Date "2016.08.27"]
[Round "2"]
[White "Baran, Peter"]
[Black "Browning, Rebecca"]
[Result "0-1"]
[WhiteElo "1664"]
[BlackElo "1683"]
[PlyCount "80"]

1. d4 d5 2. Nf3 e6 3. c4 Nf6 4. Bg5 Be7 5. Nc3 O-O 6. e3 h6 7. Bh4 b6 8. Bd3
Bb7 9. O-O Nbd7 10. Rc1 c5 11. cxd5 Nxd5 12. Bg3 Nxc3 13. Rxc3 Nf6 14. h3 Ne4
15. Bxe4 Bxe4 16. Ne5 Rc8 17. f3 Bd5 18. b3 Bb7 19. Bf2 cxd4 20. Rxc8 Qxc8 21.
Qxd4 Rd8 22. Qf4 Bf6 23. Ng4 Bg5 24. Qa4 Qc7 25. h4 Be7 26. Qb5 a6 27. Qe2 h5
28. Nh2 Bd6 29. f4 Qc6 30. Nf3 a5 31. Kh2 e5 32. Bg3 exf4 33. Bxf4 Bxf4+ 34.
exf4 Re8 35. Qd2 Qf6 36. Qd4 Qg6 37. Qd7 Bc6 38. Qc7 Re2 39. Qd8+ Be8 40. Ng5
Qc2 0-1

[Event "10. Volme-Open (F)"]
[Site "?"]
[Date "2016.08.27"]
[Round "2"]
[White "Stenzel, Michael"]
[Black "Baran, Daniel"]
[Result "0-1"]
[WhiteElo "1592"]
[BlackElo "1502"]
[PlyCount "72"]

1. e4 e5 2. d4 exd4 3. c3 d5 4. Qxd4 dxe4 5. Qxd8+ Kxd8 6. Bc4 f5 7. Nh3 Be7 8.
Be3 Nc6 9. O-O Na5 10. Rd1+ Ke8 11. Bb5+ c6 12. Be2 Be6 13. Nd2 b6 14. Ba6 Bc8
15. Be2 Nb7 16. Nb3 c5 17. Bb5+ Kf8 18. Bc6 Nf6 19. f3 h6 20. Nf4 Kf7 21. fxe4
Nxe4 22. Nd5 g5 23. Rf1 Rb8 24. Nxb6 axb6 25. Bxe4 Kg6 26. Bc2 Nd6 27. Rae1 Ne4
28. Bc1 Ba6 29. Rf3 g4 30. Rxe4 fxe4 31. Bxe4+ Kg7 32. Rg3 h5 33. Bf4 Rbf8 34.
Be5+ Bf6 35. Bxf6+ Rxf6 36. Nd2 Rd8 0-1

[Event "10. Volme-Open (F)"]
[Site "?"]
[Date "2016.08.27"]
[Round "2"]
[White "Chamera , Maxim"]
[Black "Skapski , Miroslav"]
[Result "1-0"]
[WhiteElo "1545"]
[BlackElo "1549"]
[PlyCount "33"]

1. d4 d5 2. Nf3 g6 3. Bf4 Bg7 4. e3 Nf6 5. c4 c6 6. Nc3 O-O 7. Rc1 Nh5 8. Be5
f6 9. Bg3 Nxg3 10. hxg3 Bg4 11. cxd5 cxd5 12. Nxd5 Nc6 13. Nf4 Qa5+ 14. Rc3 Bh8
15. Bc4+ Kg7 16. Qc2 e5 17. Rxh7+ 1-0

[Event "10. Volme-Open (F)"]
[Site "?"]
[Date "2016.08.27"]
[Round "2"]
[White "Kernchen, Peter"]
[Black "Scheunemann, Uwe"]
[Result "1/2-1/2"]
[WhiteElo "1499"]
[BlackElo "1486"]
[PlyCount "91"]

1. d4 d5 2. c4 c6 3. Nc3 Nf6 4. Bf4 Bf5 5. e3 e6 6. Qb3 Qb6 7. Qxb6 axb6 8. Nf3
Bb4 9. Nd2 Ne4 10. Ndxe4 Bxe4 11. f3 Bg6 12. Be2 Nd7 13. a3 Bxc3+ 14. bxc3 dxc4
15. Bxc4 b5 16. Bb3 Bd3 17. Bd6 Nb6 18. e4 Bc4 19. Bc2 Na4 20. Kd2 Kd7 21. Bg3
f6 22. f4 g6 23. Bh4 f5 24. Bf6 Rhf8 25. Be5 fxe4 26. Bxe4 Bd5 27. Bxd5 exd5
28. g4 Nb2 29. Rhf1 Nc4+ 30. Kd3 Rxa3 31. Rxa3 Nxa3 32. f5 gxf5 33. gxf5 Nc4
34. Bg7 Re8 35. Rf3 Re1 36. Be5 Nxe5+ 37. dxe5 Rxe5 38. f6 Re8 39. Rh3 Ke6 40.
Rxh7 Kxf6 41. Rxb7 Re6 42. h4 Kg6 43. Rb8 Kg7 44. Rc8 Rh6 45. Ke3 Re6+ 46. Kf3
1/2-1/2

[Event "10. Volme-Open (G)"]
[Site "?"]
[Date "2016.08.27"]
[Round "2"]
[White "Mirus, Lothar"]
[Black "Hardt, Silas"]
[Result "1-0"]
[WhiteElo "1471"]
[BlackElo "1482"]
[PlyCount "87"]

1. d4 c5 2. d5 e5 3. e4 d6 4. Nf3 Be7 5. Be2 Bg4 6. c4 Bxf3 7. Bxf3 Bg5 8. O-O
Bxc1 9. Qxc1 Nf6 10. Nc3 Na6 11. Be2 Nc7 12. f4 Nd7 13. Qe3 a6 14. b3 exf4 15.
Rxf4 Ne5 16. Raf1 Qe7 17. Qh3 Rb8 18. a4 O-O 19. Qg3 Kh8 20. h4 Ng6 21. Rg4 h5
22. Rg5 Kg8 23. Bxh5 a5 24. Be2 Ne8 25. h5 Ne5 26. Rgf5 Kh8 27. Qf4 f6 28. Qg3
Rg8 29. Bd1 b6 30. Ne2 g6 31. hxg6 Rxg6 32. Rh5+ Kg8 33. Qh3 Qg7 34. Nf4 Rg3
35. Rh8+ Qxh8 36. Qxg3+ Qg7 37. Qh3 Nc7 38. Nh5 Qg5 39. Nxf6+ Kg7 40. Qh7+ Kf8
41. Nd7+ Ke8 42. Nxb8 Qg3 43. Qh8+ Ke7 44. Qf8# 1-0

[Event "10. Volme-Open (G)"]
[Site "?"]
[Date "2016.08.27"]
[Round "2"]
[White "Mai, Artur"]
[Black "Yangibayev, Rustam"]
[Result "0-1"]
[WhiteElo "1486"]
[BlackElo "1452"]
[PlyCount "108"]
[EventDate "2016.08.26"]

1. e4 c6 2. Nc3 d5 3. Qe2 d4 4. Nd1 e5 5. g3 Nf6 6. d3 Qb6 7. Bg2 Bg4 8. f3 Be6
9. a3 Nbd7 10. f4 Bg4 11. Nf3 h6 12. h3 Bxf3 13. Bxf3 Bd6 14. O-O O-O-O 15. b3
Qc7 16. f5 Rdg8 17. g4 g6 18. Kh2 g5 19. Nb2 h5 20. gxh5 Ne8 21. Rg1 f6 22. Bd2
Ng7 23. Bg4 Kb8 24. Nc4 Bf8 25. a4 Nb6 26. Ba5 c5 27. Bxb6 axb6 28. a5 b5 29.
Nb6 Ka7 30. Nd5 Qf7 31. Ra2 Bd6 32. Rga1 Rf8 33. Nb6 Ka6 34. Nd5 b4 35. Rb1 Qe8
36. Nb6 Nxh5 37. Bxh5 Rxh5 38. Nc4 Bc7 39. Rg1 Rfh8 40. Rg3 R8h6 41. Ra1 Qh8
42. Qg4 Rh4 43. Qf3 Qg8 44. Rag1 Qd8 45. Kg2 Qg8 46. Kh2 Rh7 47. Nb2 Qh8 48.
Kg2 Bd6 49. Rh1 Qd8 50. Nc4 Bc7 51. Rg4 Qh8 52. Rg3 g4 53. Rxg4 Rxg4+ 54. Qxg4
Rg7 0-1

[Event "10. Volme-Open (G)"]
[Site "?"]
[Date "2016.08.27"]
[Round "2"]
[White "Radczewill, Horst"]
[Black "Leonidas, Robert"]
[Result "1-0"]
[WhiteElo "1448"]
[BlackElo "1445"]
[PlyCount "83"]

1. e4 c5 2. Nf3 Nc6 3. Be2 Nf6 4. d3 e6 5. O-O d5 6. Nbd2 Be7 7. b3 O-O 8. Bb2
d4 9. h3 Nd7 10. Nh2 Nde5 11. f4 Ng6 12. Bh5 e5 13. f5 Nf4 14. Be2 Nxe2+ 15.
Qxe2 Bg5 16. Rf3 b6 17. Raf1 Nb4 18. Nc4 Nc6 19. Ng4 Bf6 20. Bc1 Ba6 21. Nd2
Nb4 22. Nb1 Nxa2 23. Bd2 Nb4 24. Nxf6+ Qxf6 25. Rg3 h6 26. Qh5 Kh7 27. Bg5 Qd6
28. f6 Rg8 29. fxg7 Qg6 30. Qh4 Rxg7 31. Bf4 Qe6 32. Rxg7+ Kxg7 33. Qg3+ Kf8
34. Bxe5 Nxc2 35. Bd6+ Ke8 36. Qg8+ Kd7 37. Qxa8 Kxd6 38. Qxa7 Bxd3 39. Rxf7
Kc6 40. Rc7+ Kd6 41. Qxb6+ Ke5 42. Rxc5+ 1-0

[Event "10. Volme-Open (H)"]
[Site "?"]
[Date "2016.08.27"]
[Round "2"]
[White "Arnoldi, Ekkhard"]
[Black "Stoltmann, Till"]
[Result "0-1"]
[WhiteElo "1271"]
[BlackElo "1388"]
[PlyCount "58"]
[EventDate "2016.08.26"]

1. d4 d5 2. Bf4 c6 3. Nf3 Nf6 4. h3 Bf5 5. e3 e6 6. Ne5 Nbd7 7. g4 Be4 8. f3
Bg6 9. Bg5 h6 10. Bf4 Nxe5 11. dxe5 Nd7 12. Bd3 Bxd3 13. Qxd3 Bc5 14. Nd2 O-O
15. g5 hxg5 16. Bh2 Qb6 17. Kf2 Qb4 18. f4 gxf4 19. Bxf4 Qxf4+ 20. Nf3 Nxe5 21.
Qe2 Nxf3 22. Qxf3 Qh4+ 23. Ke2 Qc4+ 24. Kd2 d4 25. Rae1 Bb4+ 26. c3 dxc3+ 27.
Kc2 cxb2+ 28. Kxb2 Bxe1 29. Rxe1 Qb4+ 0-1

[Event "10. Volme-Open (H)"]
[Site "?"]
[Date "2016.08.27"]
[Round "2"]
[White "Kroo, Waldemar"]
[Black "Werner, Maxim"]
[Result "1-0"]
[WhiteElo "1243"]
[BlackElo "1235"]
[PlyCount "67"]
[EventDate "2016.08.26"]

1. e4 e5 2. d4 exd4 3. Qxd4 Nc6 4. Qe3 d6 5. Nc3 Nf6 6. h3 Be6 7. Nf3 h6 8. Bb5
Be7 9. O-O O-O 10. Rd1 Nb4 11. Ba4 c6 12. a3 Na6 13. b4 b5 14. Bb3 Bxb3 15.
cxb3 Qb6 16. e5 Qxe3 17. Bxe3 dxe5 18. Nxe5 c5 19. bxc5 Bxc5 20. Bxc5 Nxc5 21.
b4 Nfe4 22. Nxb5 Nb3 23. Rab1 a6 24. Rxb3 axb5 25. Rd5 f6 26. Nd7 Rfd8 27. Rbd3
Rdc8 28. Nc5 Ng5 29. f3 Nf7 30. Kf2 Ne5 31. Re3 Nc4 32. Re7 Rxa3 33. Rdd7 Ne5
34. Rxg7+ 1-0

[Event "10. Volme-Open (H)"]
[Site "?"]
[Date "2016.08.27"]
[Round "2"]
[White "Burosch, Raimund"]
[Black "Weirich, Ralf"]
[Result "1-0"]
[WhiteElo "1408"]
[BlackElo "1263"]
[PlyCount "74"]
[EventDate "2016.08.26"]

1. Nf3 Nc6 2. d3 e5 3. e4 Nf6 4. g3 Bc5 5. Bg2 O-O 6. O-O h6 7. Nbd2 d6 8. a3
a5 9. Qe2 Bg4 10. h3 Be6 11. Kh2 b5 12. c3 b4 13. c4 Nd4 14. Nxd4 Bxd4 15. Rb1
Rb8 16. axb4 Rxb4 17. Nf3 Bc5 18. Bd2 Ra4 19. Ra1 Bd7 20. Rxa4 Bxa4 21. Bxa5
Qb8 22. Bc3 Qb3 23. d4 Bb4 24. Bxb4 Qxb4 25. dxe5 Bb3 26. exf6 Bxc4 27. Qc2
Bxf1 28. Bxf1 c5 29. b3 Rb8 30. Bc4 gxf6 31. Qd3 Rd8 32. Qd5 Rd7 33. Nh4 Qb7
34. Qf5 Kg7 35. Qg4+ Kf8 36. Nf5 Re7 37. Qg7+ Ke8 1-0

[Event "10. Volme-Open (I)"]
[Site "?"]
[Date "2016.08.27"]
[Round "2"]
[White "Becker, Linda"]
[Black "Jagodzinsky, Lukas"]
[Result "1-0"]
[WhiteElo "1213"]
[BlackElo "753"]
[PlyCount "33"]
[EventDate "2016.08.26"]

1. e4 e5 2. Nf3 Nf6 3. Nc3 Nc6 4. Bc4 Bc5 5. d3 O-O 6. Bg5 Nd4 7. Nd5 Nxf3+ 8.
Qxf3 h6 9. Bxf6 Qe8 10. Nxc7 Rb8 11. Nxe8 Rxe8 12. Qg4 Bb4+ 13. c3 g6 14. cxb4
g5 15. Qh5 d5 16. Bxd5 Ra8 17. Qxf7# 1-0

[Event "10. Volme-Open (I)"]
[Site "?"]
[Date "2016.08.27"]
[Round "2"]
[White "Laufer, Maximilian"]
[Black "Bober, Luca"]
[Result "0-1"]
[WhiteElo "811"]
[BlackElo "805"]
[PlyCount "44"]
[EventDate "2016.08.26"]

1. e4 e5 2. Nf3 Nc6 3. d4 Nf6 4. Bg5 Be7 5. Bxf6 Bxf6 6. dxe5 Nxe5 7. Nxe5 Bxe5
8. Bc4 Bxb2 9. O-O Bxa1 10. c3 O-O 11. Nd2 Bxc3 12. Nb3 d6 13. Qf3 Be5 14. Qe3
Be6 15. Bxe6 fxe6 16. f4 Qf6 17. f5 a5 18. Nd2 Bd4 19. Qxd4 Qxd4+ 20. Rf2 d5
21. exd5 Rxf5 22. Nf3 Qxd5 0-1

[Event "10. Volme-Open (I)"]
[Site "?"]
[Date "2016.08.27"]
[Round "2"]
[White "Bober, Tim"]
[Black "Avram, Luca"]
[Result "0-1"]
[WhiteElo "779"]
[BlackElo "1167"]
[PlyCount "70"]
[EventDate "2016.08.26"]

1. e4 e5 2. Nf3 Nc6 3. Bc4 Bc5 4. Nc3 Nf6 5. d3 h6 6. Bd2 d6 7. Qe2 Bg4 8. h3
Bh5 9. g4 Bg6 10. Nd5 Nxd5 11. Bxd5 Nb4 12. Bxb4 Bxb4+ 13. c3 Bc5 14. d4 exd4
15. cxd4 Bb4+ 16. Nd2 Qf6 17. e5 dxe5 18. dxe5 Qb6 19. Rd1 O-O-O 20. Bf3 Bd3
21. Qe3 Bc5 22. Bxb7+ Qxb7 23. Qxc5 Qxh1+ 24. Nf1 Qxf1+ 25. Kd2 Bg6+ 26. Qd6
Qxd1+ 27. Kxd1 cxd6 28. e6 fxe6 29. b4 d5 30. a3 Rhf8 31. a4 Rxf2 32. a5 Kb8
33. Kc1 Rc8+ 34. Kd1 Rcc2 35. b5 Rf1# 0-1

[Event "10. Volme-Open (I)"]
[Site "?"]
[Date "2016.08.27"]
[Round "2"]
[White "Pektopalyan, David"]
[Black "Sorol, Marcel"]
[Result "0-1"]
[WhiteElo "1070"]
[BlackElo "838"]
[PlyCount "90"]
[EventDate "2016.08.26"]

1. e4 e5 2. Nf3 d6 3. Bc4 Bg4 4. h3 Bd7 5. O-O g6 6. d3 Be7 7. Nc3 c6 8. d4
exd4 9. Qxd4 Bf6 10. e5 d5 11. Bb3 Bg7 12. Bg5 Ne7 13. Bf6 O-O 14. e6 Bxf6 15.
Qxf6 Bxe6 16. Qh4 Nf5 17. Qxd8 Rxd8 18. Ng5 Bd7 19. Ne2 a5 20. a4 Na6 21. c3
Nc5 22. Bc2 Re8 23. Nd4 Nxd4 24. cxd4 Ne6 25. Nxe6 Rxe6 26. Bd1 Re4 27. Ra3
Rxd4 28. Ra2 Re8 29. b3 Re5 30. Re2 Rxd1 31. Rxe5 Rxf1+ 32. Kxf1 Be6 33. Ke2 b5
34. axb5 cxb5 35. Kd3 Bf5+ 36. Kc3 b4+ 37. Kb2 Be6 38. g4 h6 39. f3 Kg7 40. g5
hxg5 41. Rxg5 Kf6 42. h4 Bf5 43. f4 d4 44. Rg1 d3 45. Rg3 d2 0-1